000 00773nam a2200241Ia 4500
003 OSt
005 20220923214822.0
006 a|||||r|||| 00| 0
007 ta
008 220922b |||||||| |||| 00| 0 hin d
024 _a173,084
037 _cTextual
040 _aARTS
_cARTS
_bhin
041 _2hin
_ahin
082 _aO152,6N12x, J6
100 _aशर्मा, रामविलास
245 0 _aस्वाधीनता और राष्ट्रीय साहित्य
246 _aSvādhīnatā aur rāṣhṭrīya sāhitya
260 _c1956
650 _aहिन्दी साहित्य
_9156264
942 _hO152,6N12x, J6
_cTEXL
_2CC
999 _c326991
_d326991